Communication electronics : (Record no. 182504)

000 -LEADER
fixed length control field 01517 a2200277 4500
003 - CONTROL NUMBER IDENTIFIER
control field Nust
005 - DATE AND TIME OF LATEST TRANSACTION
control field 20221208145506.0
010 ## - LIBRARY OF CONGRESS CONTROL NUMBER
LC control number 99040937
020 ## - INTERNATIONAL STANDARD BOOK NUMBER
International Standard Book Number 0028048377
035 ## - SYSTEM CONTROL NUMBER
System control number (DLC) 99040937
040 ## - CATALOGING SOURCE
Transcribing agency Nust
082 00 - DEWEY DECIMAL CLASSIFICATION NUMBER
Classification number 621.382, FRE
100 1# - MAIN ENTRY--PERSONAL NAME
Personal name Frenzel, Louis E.
9 (RLIN) 10004
245 10 - TITLE STATEMENT
Title Communication electronics :
Remainder of title principles and applications /
Statement of responsibility, etc. Louis E. Frenzel.
250 ## - EDITION STATEMENT
Edition statement 3rd ed.
260 ## - PUBLICATION, DISTRIBUTION, ETC.
Place of publication, distribution, etc. New York :
Name of publisher, distributor, etc. Glencoe,
Date of publication, distribution, etc. c2001.
300 ## - PHYSICAL DESCRIPTION
Extent xii, 532 p. :
Other physical details ill. ;
Dimensions 29 cm.
440 #0 - SERIES STATEMENT/ADDED ENTRY--TITLE
Title Basic skills in electricity and electronics
9 (RLIN) 94578
505 ## - FORMATTED CONTENTS NOTE
Formatted contents note Introduction to electronic communications (Page-1), Amplitude modulation and single sideband modulation (Page-21), Amplitude modulation circuits (Page-43), Frequency modulation (Page-68), Frequency modulation circuits (Page-86), Radio Transmitters (Page-110), Communications Receivers (Page-144), Multiplexing (Page-190), Antennas,Transmission lines, and Radio wave propagation (Page-224), Microwave Techniques (Page-259), Introduction to satellite communications (Page-304),Data Communications (Page-347), Fibers-optic Communications (Page-407), Television (Page-434), The Telephone system and its applications (Page-475).
650 #0 - SUBJECT ADDED ENTRY--TOPICAL TERM
Topical term or geographic name entry element Electronics.
650 #0 - SUBJECT ADDED ENTRY--TOPICAL TERM
Topical term or geographic name entry element Radio
General subdivision Receivers and reception.
650 #0 - SUBJECT ADDED ENTRY--TOPICAL TERM
Topical term or geographic name entry element Telecommunication.
856 42 - ELECTRONIC LOCATION AND ACCESS
Materials specified Publisher description
Uniform Resource Identifier <a href="http://www.loc.gov/catdir/description/mh031/99040937.html">http://www.loc.gov/catdir/description/mh031/99040937.html</a>
856 42 - ELECTRONIC LOCATION AND ACCESS
Materials specified Table of contents
Uniform Resource Identifier <a href="http://www.loc.gov/catdir/toc/mh031/99040937.html">http://www.loc.gov/catdir/toc/mh031/99040937.html</a>
942 ## - ADDED ENTRY ELEMENTS (KOHA)
Source of classification or shelving scheme
Koha item type Book
Holdings
Withdrawn status Lost status Source of classification or shelving scheme Damaged status Not for loan Permanent Location Current Location Shelving location Date acquired Full call number Barcode Date last seen Price effective from Koha item type Public note
          Military College of Signals (MCS) Military College of Signals (MCS) General Stacks 12/12/2016 621.382,FRE MCS28484 12/08/2016 12/12/2016 Book Almirah No.35, Shelf No.2
© 2023 Central Library, National University of Sciences and Technology. All Rights Reserved.